[Event "VII Festival A"]
[Site "Ischia ITA"]
[Date "2000.06.??"]
[Round "1"]
[White "Cerioli, Giuseppe"]
[Black "Femiano, Andrea"]
[Result "0-1"]
[WhiteElo "1804"]
[BlackElo "2163"]
[PlyCount "74"]
[EventDate "2000.06.11"]

1. e4 c5 2. f4 e6 3. Nc3 Nc6 4. Bc4 d6 5. d3 Nf6 6. Nf3 d5 7. exd5 exd5 8. Bb5
Be7 9. Ne5 Qd6 10. O-O O-O 11. Bxc6 bxc6 12. Bd2 Nd7 13. Qe2 Nxe5 14. fxe5 Qg6
15. Rae1 Bh4 16. g3 Rb8 17. Na4 Be7 18. b3 h5 19. Qe3 h4 20. Rf3 Bg4 21. Rf2 c4
22. Kh1 cxd3 23. Qxd3 Qh5 24. Rg1 h3 25. Re1 c5 26. c3 Rfd8 27. Qa6 Bf3+ 28.
Kg1 d4 29. Qd3 dxc3 30. Qxc3 Ba8 31. Be3 Qg6 32. Bf4 Qc6 33. Kf1 Rb4 34. Nb2
Rbd4 35. Nc4 Rd3 36. Qc2 Qh1+ 37. Ke2 Bf3+ 0-1

[Event "VII Festival A"]
[Site "Ischia ITA"]
[Date "2000.06.??"]
[Round "1"]
[White "Delizia, Costantino"]
[Black "Opacic, Alexandar"]
[Result "1-0"]
[WhiteElo "2230"]
[BlackElo "1855"]
[PlyCount "95"]
[EventDate "2000.06.11"]

1. e4 c5 2. c3 d5 3. exd5 Qxd5 4. d4 Nc6 5. Nf3 Bg4 6. Be2 cxd4 7. cxd4 e6 8.
O-O Nf6 9. Nc3 Qd8 10. Qa4 Qa5 11. Qxa5 Nxa5 12. Bb5+ Nc6 13. Ne5 Rc8 14. d5
exd5 15. Nxg4 Nxg4 16. Re1+ Kd7 17. Nxd5 Bc5 18. Rf1 Rce8 19. Bf4 a6 20. Bd3
Nd4 21. Rad1 Kc6 22. Nc3 b5 23. Ne4 Ne6 24. Nxc5 Nxf4 25. Nxa6 Kb6 26. Nb4 Ne5
27. a3 Nexd3 28. Nxd3 Nxd3 29. Rxd3 Re2 30. b4 Rhe8 31. g3 h5 32. h4 g6 33. Kg2
R8e6 34. Rc1 R2e5 35. Rcc3 f5 36. Kf3 Re4 37. Re3 Rxe3+ 38. Rxe3 Rd6 39. Kf4
Kc6 40. Kg5 Kd7 41. Kh6 Rb6 42. Kg7 Rc6 43. Kf7 Ra6 44. Re7+ Kd8 45. Re5 Rxa3
46. Kxg6 Rf3 47. Rxf5 Rb3 48. Rxb5 1-0

[Event "VII Festival A"]
[Site "Ischia ITA"]
[Date "2000.06.??"]
[Round "1"]
[White "Loncar, Robert"]
[Black "Barbafiera, Luigi"]
[Result "1-0"]
[WhiteElo "2406"]
[BlackElo "1915"]
[PlyCount "93"]
[EventDate "2000.06.11"]

1. Nf3 c5 2. c4 Nc6 3. Nc3 Nf6 4. d4 cxd4 5. Nxd4 d6 6. e4 g6 7. Be2 Bg7 8. Be3
Bd7 9. Nb3 O-O 10. O-O h6 11. c5 dxc5 12. Nxc5 Bc8 13. Qa4 Qa5 14. Qc2 Nb4 15.
Qc1 Kh7 16. a3 Nc6 17. b4 Qc7 18. Nb5 Qb8 19. Ra2 b6 20. Nd3 Bb7 21. Rc2 Rc8
22. f3 e5 23. a4 a6 24. Na3 Nd4 25. Bxd4 exd4 26. Nc4 Qc7 27. Bd1 Qd8 28. a5
bxa5 29. bxa5 Rc7 30. Nb6 Rxc2 31. Bxc2 Rb8 32. Qf4 Bc6 33. Nb4 Bb5 34. Bd3
Bxd3 35. Nxd3 Rb7 36. e5 Ne8 37. Qe4 Re7 38. f4 Nf6 39. Qf3 Nd7 40. Qd5 Qc7 41.
Qxd4 Nxb6 42. axb6 Qb7 43. Rb1 Rd7 44. Qc4 Bf8 45. Nf2 a5 46. Ne4 Bb4 47. Nf6+
1-0

[Event "VII Festival A"]
[Site "Ischia ITA"]
[Date "2000.06.??"]
[Round "1"]
[White "Martelli, Andrea"]
[Black "Candura, Stefano"]
[Result "1-0"]
[WhiteElo "1746"]
[BlackElo "2096"]
[PlyCount "103"]
[EventDate "2000.06.11"]

1. d4 e6 2. Nf3 Nf6 3. e3 c5 4. Bd3 Nc6 5. O-O d5 6. b3 cxd4 7. exd4 Be7 8.
Nbd2 O-O 9. Bb2 Qc7 10. a3 a6 11. Kh1 b5 12. Ne5 Nxe5 13. dxe5 Nd7 14. f4 g6
15. Nf3 Nc5 16. Bd4 Bb7 17. g4 Ne4 18. Nd2 Bc5 19. c3 Rac8 20. Nf3 Be7 21. Qe1
Nxc3 22. Rc1 b4 23. axb4 Bxb4 24. Qh4 Qd7 25. Ng5 f6 26. exf6 Ne4 27. f7+ Rxf7
28. Nxf7 Qxf7 29. Rxc8+ Bxc8 30. Qd8+ Qf8 31. Qxf8+ Kxf8 32. Rc1 Bd7 33. Bxa6
Bd6 34. Be3 Ke7 35. Kg2 Bb4 36. Rc2 Kd6 37. Kf3 Bc6 38. Bd4 Nd2+ 39. Ke2 Nxb3
40. Be5+ Kd7 41. Bc8+ Kxc8 42. Rxc6+ Kb7 43. Rc7+ Kb6 44. Rxh7 d4 45. h4 Kc5
46. Rc7+ Kd5 47. Rb7 d3+ 48. Kd1 Kc4 49. Rc7+ Kd5 50. h5 gxh5 51. gxh5 Nd4 52.
Rd7+ 1-0

[Event "VII Festival A"]
[Site "Ischia ITA"]
[Date "2000.06.??"]
[Round "2"]
[White "Accardo, Francesco"]
[Black "Vignato, Giovanni"]
[Result "0-1"]
[WhiteElo "2095"]
[BlackElo "2131"]
[PlyCount "52"]
[EventDate "2000.06.11"]

1. b4 a5 2. b5 c6 3. a4 d5 4. e3 e5 5. Nf3 Bd6 6. Bb2 Nd7 7. c4 Ngf6 8. g4 O-O
9. g5 Ne8 10. cxd5 cxd5 11. Qb3 Nc5 12. Qc2 e4 13. Nd4 Qxg5 14. h4 Qe7 15. Nc3
Be6 16. h5 Rc8 17. h6 g6 18. Nxe6 fxe6 19. f4 exf3 20. O-O-O Ne4 21. Bd3 N8f6
22. Kb1 Nf2 23. Rdg1 Nxh1 24. Bxg6 hxg6 25. Qxg6+ Kh8 26. Rxh1 Qh7 0-1

[Event "VII Festival A"]
[Site "Ischia ITA"]
[Date "2000.06.??"]
[Round "2"]
[White "Aleksic, Nenad"]
[Black "Pieraccini, Riccardo"]
[Result "1-0"]
[WhiteElo "2405"]
[BlackElo "1717"]
[PlyCount "95"]
[EventDate "2000.06.11"]

1. e4 c5 2. Nf3 Nc6 3. d4 cxd4 4. Nxd4 Qb6 5. Nb3 Nf6 6. Nc3 d6 7. Bg5 Ng4 8.
Qd2 g6 9. h3 Nce5 10. f4 Nd7 11. O-O-O Bg7 12. Kb1 Qb4 13. Nd5 Qxd2 14. Rxd2
Rb8 15. Bb5 f6 16. Bh4 Kf7 17. Nc7 Nb6 18. Bf2 Bd7 19. Bxb6 axb6 20. Nd5 Rhd8
21. Nxb6 Be8 22. Bc4+ Kf8 23. f5 Bh6 24. Rdd1 Ne5 25. Bd5 Be3 26. Nc4 Nxc4 27.
Bxc4 b6 28. Rhf1 Rb7 29. Rf3 Bc5 30. a3 Rdb8 31. Bd5 Rc7 32. Nc1 b5 33. c3 g5
34. Nd3 Bh5 35. g4 Be8 36. h4 h5 37. Rh1 hxg4 38. Rg3 e6 39. fxe6 Rh7 40. Rxg4
Bb6 41. Rf1 Ke7 42. hxg5 fxg5 43. Rxg5 Be3 44. Rg3 Bb6 45. Rg8 Ba7 46. Nb4 Rc8
47. Rff8 Be3 48. Rxe8+ 1-0

[Event "VII Festival A"]
[Site "Ischia ITA"]
[Date "2000.06.??"]
[Round "2"]
[White "Barbafiera, Luigi"]
[Black "Cerioli, Giuseppe"]
[Result "1-0"]
[WhiteElo "1915"]
[BlackElo "1804"]
[PlyCount "52"]
[EventDate "2000.06.11"]

1. c4 e5 2. Nc3 Nf6 3. Nf3 Nc6 4. g3 d5 5. cxd5 Nxd5 6. d3 Bb4 7. Bd2 O-O 8.
Bg2 h6 9. O-O Nf6 10. a3 Be7 11. b4 a6 12. Rc1 Nh7 13. Na4 Bf6 14. Nc5 g5 15.
Bc3 Re8 16. Nd2 Ra7 17. Bb2 Qe7 18. Nxb7 e4 19. Bxf6 Nxf6 20. Nc5 exd3 21. exd3
Nd4 22. Nde4 Ng4 23. h3 Ne5 24. f4 Rd8 25. fxe5 Qxe5 26. Qh5 Kg7 1-0

[Event "VII Festival A"]
[Site "Ischia ITA"]
[Date "2000.06.??"]
[Round "2"]
[White "Branda, Ralf"]
[Black "Loncar, Robert"]
[Result "0-1"]
[WhiteElo "1937"]
[BlackElo "2406"]
[PlyCount "84"]
[EventDate "2000.06.11"]

1. d4 Nf6 2. Nf3 c5 3. d5 b5 4. c4 g6 5. cxb5 a6 6. bxa6 Bxa6 7. Nc3 d6 8. e4
Bxf1 9. Kxf1 Nbd7 10. b3 Bg7 11. Bb2 Nxe4 12. Qc2 Nef6 13. Nd2 O-O 14. Nc4 Nb6
15. Ne3 Qc8 16. Qd3 Ng4 17. Rc1 Ne5 18. Qe2 Qa6 19. Qxa6 Rxa6 20. Ke2 c4 21.
Rc2 Nd3 22. Ba1 cxb3 23. axb3 Nb4 24. Rcc1 Rxa1 25. Rxa1 Bxc3 26. Ra5 Bd4 27.
Rd1 Bc5 28. g4 Rb8 29. g5 Bxe3 30. fxe3 N6xd5 31. Rc1 f5 32. gxf6 Nxf6 33. Ra7
Nbd5 34. Ra3 Ne4 35. Rc4 Nc5 36. e4 Nxe4 37. Kd3 Nc5+ 38. Kd4 e6 39. Rc1 Rf8
40. Kc4 Rf4+ 41. Kb5 Rb4+ 42. Kc6 Rb6# 0-1

[Event "VII Festival A"]
[Site "Ischia ITA"]
[Date "2000.06.??"]
[Round "2"]
[White "Candura, Stefano"]
[Black "Quercioli, Riccardo"]
[Result "1-0"]
[WhiteElo "2096"]
[BlackElo "1858"]
[PlyCount "67"]
[EventDate "2000.06.11"]

1. d4 Nf6 2. Nf3 e6 3. c4 b6 4. g3 Bb7 5. Bg2 Be7 6. Nc3 d5 7. cxd5 Nxd5 8. O-O
O-O 9. Qc2 Nd7 10. e4 Nxc3 11. bxc3 c5 12. Rd1 cxd4 13. cxd4 Rc8 14. Qe2 Nf6
15. Ne5 Qc7 16. Bf4 Qc2 17. Rd2 Qa4 18. d5 Ba6 19. Qd1 Qxd1+ 20. Raxd1 exd5 21.
exd5 Bd6 22. Nc6 Bxf4 23. gxf4 Rc7 24. d6 Rd7 25. Bh3 Rfd8 26. Bxd7 Rxd7 27.
Ne5 Rd8 28. Rc1 Ne4 29. Rd4 Nc5 30. Nc6 Rd7 31. Re1 Kf8 32. Re7 Bc8 33. Nxa7
Rxd6 34. Rxd6 1-0

[Event "VII Festival A"]
[Site "Ischia ITA"]
[Date "2000.06.??"]
[Round "2"]
[White "Naumkin, Igor"]
[Black "Bondielli, Giorgio"]
[Result "1-0"]
[WhiteElo "2498"]
[BlackElo "1747"]
[PlyCount "85"]
[EventDate "2000.06.11"]

1. d4 Nf6 2. Nf3 g6 3. c4 Bg7 4. Nc3 d5 5. cxd5 Nxd5 6. Bd2 O-O 7. e4 Nxc3 8.
Bxc3 Bg4 9. Qd2 Nd7 10. Rd1 c6 11. Be2 Qc7 12. O-O Rad8 13. Qe3 c5 14. d5 Bxc3
15. bxc3 Bxf3 16. Bxf3 Qe5 17. Rfe1 b6 18. g3 Nf6 19. Bg2 Ng4 20. Qe2 Qh5 21.
h3 Nf6 22. Qa6 Qe5 23. Qxa7 Qxc3 24. Qxb6 Rb8 25. Qc7 Rb2 26. Qxe7 Re8 27. Qd6
Nh5 28. g4 Qc2 29. Rf1 Ng7 30. Rc1 Qa4 31. Qxc5 Qxa2 32. Qc4 Qa5 33. Ra1 Qd2
34. Rad1 Qf4 35. Qc1 Qb8 36. Rd2 Rb3 37. Rc2 h5 38. g5 h4 39. Rd1 Qe5 40. d6
Ne6 41. Rd5 Qh8 42. d7 Rd8 43. Rc8 1-0

[Event "VII Festival A"]
[Site "Ischia ITA"]
[Date "2000.06.??"]
[Round "3"]
[White "Delizia, Costantino"]
[Black "Aleksic, Nenad"]
[Result "0-1"]
[WhiteElo "2230"]
[BlackElo "2405"]
[PlyCount "60"]
[EventDate "2000.06.11"]

1. e4 c5 2. c3 b6 3. d4 Bb7 4. Bd3 Nf6 5. Nd2 e6 6. Ngf3 Be7 7. O-O d6 8. Re1
Nbd7 9. Nf1 O-O 10. Ng3 Qc7 11. Bd2 Rfd8 12. Qe2 a6 13. a4 Nf8 14. b4 Ng6 15.
bxc5 dxc5 16. e5 Nd5 17. Bxg6 fxg6 18. c4 Nb4 19. Bxb4 cxb4 20. Rec1 Rac8 21.
Ne4 Qc6 22. Nd6 Bxd6 23. exd6 Qxd6 24. Ng5 Re8 25. Rd1 a5 26. Rac1 h6 27. Nf3
Qc6 28. Qc2 g5 29. Qg6 Rf8 30. d5 exd5 0-1

[Event "VII Festival A"]
[Site "Ischia ITA"]
[Date "2000.06.??"]
[Round "3"]
[White "Di Muccio, Lindoro"]
[Black "Barbafiera, Luigi"]
[Result "1-0"]
[WhiteElo "1705"]
[BlackElo "1915"]
[PlyCount "89"]
[EventDate "2000.06.11"]

1. d4 d6 2. c4 e5 3. d5 f5 4. Nc3 Nf6 5. Qc2 Be7 6. Bg5 Nxd5 7. Bxe7 Nxe7 8.
Nf3 Nbc6 9. e3 O-O 10. Be2 Ng6 11. O-O-O Be6 12. g3 h6 13. h4 e4 14. Nd4 Bd7
15. g4 Nb4 16. Qb1 Ne5 17. g5 Nbd3+ 18. Bxd3 Nxd3+ 19. Rxd3 exd3 20. gxh6 gxh6
21. Qxd3 c6 22. Nde2 Qf6 23. Nf4 Be8 24. Nce2 b5 25. Nd4 bxc4 26. Qxc4+ Bf7 27.
Qc2 Bd5 28. Rg1+ Kh7 29. Nh5 Qe5 30. Rg7+ Kh8 31. Rg6 c5 32. Rxh6+ Kg8 33. Rg6+
Kf7 34. Rg7+ Qxg7 35. Nxg7 Be4 36. Qb3+ Kxg7 37. Ne6+ Kf6 38. Nxf8 Rxf8 39. Qa4
Rf7 40. Kd2 Rh7 41. Qe8 Rb7 42. b3 c4 43. h5 cxb3 44. axb3 Rxb3 45. Qf8+ 1-0

[Event "VII Festival A"]
[Site "Ischia ITA"]
[Date "2000.06.??"]
[Round "3"]
[White "Femiano, Andrea"]
[Black "Vujovic, Milorad"]
[Result "0-1"]
[WhiteElo "2163"]
[BlackElo "2316"]
[PlyCount "50"]
[EventDate "2000.06.11"]

1. e4 c5 2. Nf3 e6 3. d4 cxd4 4. Nxd4 Nf6 5. Nc3 d6 6. Be2 a6 7. a4 Qc7 8. f4
b6 9. O-O Bb7 10. Bf3 Nbd7 11. Nb3 Rd8 12. Qe1 Be7 13. Be3 g6 14. g4 h5 15. h3
hxg4 16. hxg4 Nc5 17. Nxc5 dxc5 18. Kg2 g5 19. Rh1 Rxh1 20. Qxh1 gxf4 21. Qh2
Bd6 22. Qh4 fxe3 23. Qxf6 Be5 24. Qg5 Bxc3 25. bxc3 Rd2+ 0-1

[Event "VII Festival A"]
[Site "Ischia ITA"]
[Date "2000.06.??"]
[Round "3"]
[White "Loncar, Robert"]
[Black "Naumkin, Igor"]
[Result "0-1"]
[WhiteElo "2406"]
[BlackElo "2498"]
[PlyCount "136"]
[EventDate "2000.06.11"]

1. Nf3 Nf6 2. c4 e6 3. Nc3 Bb4 4. e3 Bxc3 5. bxc3 d6 6. d3 O-O 7. Be2 Re8 8.
O-O e5 9. e4 Nbd7 10. Be3 c6 11. Nd2 d5 12. cxd5 cxd5 13. Bf3 dxe4 14. Nxe4
Nxe4 15. Bxe4 Qc7 16. Qb3 Nf6 17. Bf3 Bg4 18. Qxb7 Qxc3 19. Qxa8 Rxa8 20. Bxa8
Qxd3 21. h3 Be2 22. Rfe1 a6 23. Rac1 h6 24. Rc5 e4 25. Bc6 Qd6 26. Ba4 Bd3 27.
Bb3 g5 28. Rec1 Bb5 29. a4 Bd7 30. Rd1 Qb8 31. Bc2 Be6 32. a5 Kg7 33. Bd4 Kg6
34. Be5 Qb4 35. Bd6 Qb2 36. Be5 Qb4 37. Bd4 Qb8 38. Rb1 Qd8 39. Be3 Kg7 40. Rb4
Nd7 41. Bd4+ Kf8 42. Rc6 Qxa5 43. Bc3 Qd5 44. Rc8+ Ke7 45. Rxe4 Qb7 46. Rh8 Qc6
47. Bb4+ Kf6 48. Bb1 Qc1+ 49. Re1 Qb2 50. Ba5 Qa3 51. Bd2 Qb2 52. Rxh6+ Kg7 53.
Bxg5 Qb5 54. Rh5 Qb4 55. Bh6+ Kf6 56. Rc1 a5 57. Bg5+ Kg7 58. Rh7+ Kg8 59. Rh4
Qb7 60. Be4 Bd5 61. Bh7+ Kg7 62. Bf5 Be6 63. Be4 Qb5 64. Bh6+ Kf6 65. Bf3 a4
66. Rf4+ Ke7 67. Re4 a3 68. Ree1 a2 0-1

[Event "VII Festival A"]
[Site "Ischia ITA"]
[Date "2000.06.??"]
[Round "3"]
[White "Martelli, Andrea"]
[Black "Branda, Ralf"]
[Result "1/2-1/2"]
[WhiteElo "1746"]
[BlackElo "1937"]
[PlyCount "81"]
[EventDate "2000.06.11"]

1. d4 Nf6 2. Bg5 d5 3. Bxf6 gxf6 4. e3 c5 5. c4 cxd4 6. Qxd4 dxc4 7. Qxd8+ Kxd8
8. Bxc4 e6 9. Nf3 Nc6 10. O-O a6 11. Rd1+ Ke7 12. Nc3 f5 13. Rd2 b5 14. Be2 Ra7
15. Rad1 Rd7 16. Rxd7+ Bxd7 17. Nd4 Bg7 18. Bf3 Nxd4 19. exd4 b4 20. Ne2 Bb5
21. Kf1 Rc8 22. Ke1 Rc2 23. Rd2 Rc4 24. b3 Rc8 25. Kd1 Bh6 26. Rc2 Rd8 27. Rc7+
Kf6 28. Bh5 Bxe2+ 29. Kxe2 Rxd4 30. Bxf7 Rd2+ 31. Kf3 Bf8 32. Bg8 Be7 33. Rc6
Rxa2 34. Rxe6+ Kg7 35. Rxe7+ Kxg8 36. Rb7 a5 37. Rb5 f4 38. Kxf4 Rxf2+ 39. Kg3
Rb2 40. Rxa5 Rxb3+ 41. Kf4 1/2-1/2

[Event "VII Festival A"]
[Site "Ischia ITA"]
[Date "2000.06.??"]
[Round "3"]
[White "Quercioli, Riccardo"]
[Black "Opacic, Alexandar"]
[Result "1/2-1/2"]
[WhiteElo "1858"]
[BlackElo "1855"]
[PlyCount "42"]
[EventDate "2000.06.11"]

1. d4 d5 2. c4 c6 3. Nf3 Nf6 4. Nc3 e6 5. Bg5 h6 6. Bxf6 Qxf6 7. e4 dxe4 8.
Nxe4 Bb4+ 9. Ned2 O-O 10. Be2 b6 11. O-O Rd8 12. Ne4 Qf4 13. Qc2 Bb7 14. c5
bxc5 15. dxc5 Ba6 16. Rfd1 Rd5 17. g3 Qf5 18. Nh4 Qe5 19. Nf3 Qf5 20. Nh4 Qe5
21. Nf3 Qf5 1/2-1/2

[Event "VII Festival A"]
[Site "Ischia ITA"]
[Date "2000.06.??"]
[Round "4"]
[White "Scotta, Piergiorgio"]
[Black "Delizia, Costantino"]
[Result "0-1"]
[WhiteElo "1744"]
[BlackElo "2230"]
[PlyCount "94"]
[EventDate "2000.06.11"]

1. c4 e6 2. Nf3 Nf6 3. g3 d5 4. b3 Be7 5. Bb2 O-O 6. Bg2 b6 7. cxd5 Nxd5 8. Nc3
Bb7 9. Nxd5 Bxd5 10. Rc1 c5 11. O-O Nc6 12. Re1 Nd4 13. Nxd4 cxd4 14. e4 Bb7
15. Qg4 e5 16. Qh5 Qd6 17. h4 Rac8 18. Qe2 Rxc1 19. Rxc1 Rc8 20. Rxc8+ Bxc8 21.
Qc4 Be6 22. Qc1 f5 23. d3 g6 24. Qc2 b5 25. Bc1 Kf7 26. Bh6 Bd8 27. Bd2 Be7 28.
Bh6 a5 29. Bd2 b4 30. Kf1 Qc5 31. Qb2 Bd7 32. Qb1 Bb5 33. Ke2 f4 34. Qc1 Qxc1
35. Bxc1 g5 36. hxg5 Bxg5 37. Bf1 f3+ 38. Kd1 Bxc1 39. Kxc1 Bd7 40. Kd1 Kg6 41.
Ke1 Kg5 42. Kd2 Kg4 43. Kd1 h5 44. Kd2 h4 45. gxh4 Kxh4 46. Ke1 Bh3 47. Bxh3
Kxh3 0-1

[Event "VII Festival A"]
[Site "Ischia ITA"]
[Date "2000.06.??"]
[Round "5"]
[White "Loncar, Robert"]
[Black "Pieraccini, Riccardo"]
[Result "1-0"]
[WhiteElo "2406"]
[BlackElo "1717"]
[PlyCount "87"]
[EventDate "2000.06.11"]

1. Nf3 Nf6 2. c4 e6 3. Nc3 d5 4. cxd5 exd5 5. d4 Be7 6. Bg5 Bg4 7. Ne5 Bf5 8.
Qb3 Nc6 9. Bxf6 Bxf6 10. f4 O-O 11. e3 Bh4+ 12. g3 Be7 13. Qxd5 Nb4 14. Qxd8
Raxd8 15. O-O-O f6 16. Bc4+ Kh8 17. Nf7+ Rxf7 18. Bxf7 Nd3+ 19. Rxd3 Bxd3 20.
Rd1 Ba6 21. Kc2 g6 22. b3 Kg7 23. Bc4 Bxc4 24. bxc4 a6 25. e4 Kf7 26. Nd5 Rd7
27. Nxe7 Kxe7 28. Kd3 f5 29. e5 c6 30. a4 Ke6 31. a5 Rd8 32. Rb1 Rd7 33. Rb6
Ke7 34. d5 cxd5 35. c5 Rc7 36. Kd4 Rd7 37. e6 Rc7 38. Kxd5 Kd8 39. Ke5 Rxc5+
40. Kf6 Rc7 41. h4 Ke8 42. Rb1 Kf8 43. Rd1 Ke8 44. Rd5 1-0

[Event "VII Festival A"]
[Site "Ischia ITA"]
[Date "2000.06.??"]
[Round "5"]
[White "Vujovic, Milorad"]
[Black "Pieraccini, Carlo Alberto"]
[Result "1-0"]
[WhiteElo "2316"]
[BlackElo "1730"]
[PlyCount "67"]
[EventDate "2000.06.11"]

1. e4 c6 2. d4 d6 3. c3 Qc7 4. f4 Nf6 5. Bd3 Bg4 6. Nf3 Nbd7 7. e5 dxe5 8. fxe5
Nd5 9. O-O e6 10. a3 c5 11. h3 Bxf3 12. Qxf3 f6 13. exf6 N7xf6 14. Bb5+ Kd8 15.
c4 Nb6 16. dxc5 Bxc5+ 17. Kh1 a6 18. Rd1+ Ke7 19. b4 axb5 20. bxc5 Nxc4 21. Nc3
Qc6 22. Qg3 Kf7 23. Bg5 Rhg8 24. Rf1 e5 25. Qh4 Rad8 26. Ne4 Rd4 27. Rae1 Rxe4
28. Rxe4 h6 29. Bxf6 gxf6 30. Rg4 Rxg4 31. Qxg4 Ne3 32. Qh5+ Kg7 33. Rf3 Qxc5
34. Rg3+ 1-0

[Event "VII Festival A"]
[Site "Ischia ITA"]
[Date "2000.06.??"]
[Round "6"]
[White "Barbafiera, Luigi"]
[Black "Vignato, Giovanni"]
[Result "1/2-1/2"]
[WhiteElo "1915"]
[BlackElo "2131"]
[PlyCount "146"]
[EventDate "2000.06.11"]

1. c4 e6 2. g3 d5 3. Bg2 c6 4. cxd5 exd5 5. Nf3 Bg4 6. h3 Bf5 7. d3 Nd7 8. O-O
Ngf6 9. e4 dxe4 10. dxe4 Bxe4 11. Re1 Be7 12. Nc3 Bxf3 13. Qxf3 O-O 14. Bf4 Re8
15. Re2 Qa5 16. Rae1 Bf8 17. g4 Rxe2 18. Rxe2 Nb6 19. Bc7 Re8 20. Rxe8 Nxe8 21.
Bd8 Qe5 22. Bxb6 Qe1+ 23. Bf1 axb6 24. Qe2 Qxe2 25. Bxe2 Bc5 26. Ne4 Bd4 27. b3
Nc7 28. Nd6 b5 29. Nxb7 c5 30. Nd6 b4 31. Bc4 Ne6 32. Kf1 Kf8 33. Bxe6 fxe6 34.
f4 Ke7 35. Ne4 h6 36. Ke2 Kd7 37. Kd3 Kc6 38. h4 Kd5 39. h5 Bb2 40. Ng3 Bf6 41.
Ne4 Bd8 42. g5 Bc7 43. Ke3 c4 44. bxc4+ Kxc4 45. Kf3 Bb6 46. Ke2 Kb5 47. Kd3
Ka4 48. Nd6 Bc7 49. Ne8 Bxf4 50. Nxg7 hxg5 51. Nxe6 Be5 52. Nxg5 Ka3 53. Kc4
Bf4 54. Ne4 Bh6 55. Nc5 Bf8 56. Nd3 Kxa2 57. Nxb4+ Kb2 58. Nd3+ Kc2 59. Kd4
Bg7+ 60. Ke4 Kc3 61. Nf4 Kc4 62. Kf5 Bh6 63. Ne6 Kd5 64. Ng5 Bf8 65. Nh7 Bh6
66. Kg6 Bc1 67. Ng5 Kd6 68. h6 Ke7 69. h7 Bb2 70. Nh3 Bh8 71. Nf4 Kf8 72. Nh5
Ke8 73. Nf6+ Kf8 1/2-1/2

[Event "VII Festival A"]
[Site "Ischia ITA"]
[Date "2000.06.??"]
[Round "6"]
[White "Branda, Ralf"]
[Black "Delizia, Costantino"]
[Result "0-1"]
[WhiteElo "1937"]
[BlackElo "2230"]
[PlyCount "112"]
[EventDate "2000.06.11"]

1. d4 e6 2. Nf3 Nf6 3. c4 Bb4+ 4. Bd2 Qe7 5. a3 Bxd2+ 6. Nbxd2 d6 7. e4 e5 8.
d5 a5 9. b4 O-O 10. Bd3 Bg4 11. h3 Bxf3 12. Nxf3 axb4 13. axb4 Na6 14. Rb1 c5
15. dxc6 bxc6 16. O-O c5 17. b5 Nb4 18. Ne1 Ra3 19. Rb3 Rfa8 20. Rxa3 Rxa3 21.
f3 Nh5 22. Rf2 Nf4 23. Bf1 Ne6 24. Nd3 Nxd3 25. Bxd3 Qa7 26. Rb2 Nd4 27. Bf1 g6
28. Qc1 Kg7 29. h4 f6 30. Kf2 Ra1 31. Qc3 Ra3 32. Qd2 Ra1 33. Be2 Qa3 34. Bd1
Rxd1 35. Qxd1 Qxb2+ 36. Kg3 Ne2+ 37. Kh2 Nf4 38. Qf1 Kf7 39. Kg1 Ke7 40. g3
Ne2+ 41. Kh2 Nd4+ 42. Kh3 h5 43. f4 Qe2 44. Qxe2 Nxe2 45. fxe5 fxe5 46. Kg2 Kd7
47. Kf2 Nd4 48. g4 Kc7 49. gxh5 gxh5 50. Ke3 Kb6 51. Kd3 Nf3 52. Ke3 Nxh4 53.
Kf2 Ng6 54. Kg3 Nf4 55. Kh4 Nd3 56. Kxh5 Nb2 0-1

[Event "VII Festival A"]
[Site "Ischia ITA"]
[Date "2000.06.??"]
[Round "6"]
[White "Candura, Stefano"]
[Black "Di Muccio, Lindoro"]
[Result "1-0"]
[WhiteElo "2096"]
[BlackElo "1705"]
[PlyCount "71"]
[EventDate "2000.06.11"]

1. d4 d5 2. c4 e6 3. Nc3 Nf6 4. cxd5 exd5 5. Bg5 c6 6. e3 Be7 7. Bd3 O-O 8. Qc2
h6 9. Bxf6 Bxf6 10. Nf3 b6 11. b4 Qe7 12. a3 Bg4 13. O-O Nd7 14. Nd2 Qe6 15.
Nb3 Rac8 16. Ba6 Rce8 17. Rac1 c5 18. Bb7 cxd4 19. Bxd5 Qd6 20. Nxd4 Rc8 21.
Qb3 Bxd4 22. exd4 Nf6 23. Bb7 Rcd8 24. d5 Rfe8 25. Rfe1 Qf4 26. Qc2 Bf5 27. Qb2
Ng4 28. g3 Qg5 29. Bc6 Ne5 30. Rxe5 Rxe5 31. f4 Qe7 32. fxe5 Qxe5 33. Qf2 g5
34. Nb5 h5 35. Re1 Qf6 36. Nd4 1-0

[Event "VII Festival A"]
[Site "Ischia ITA"]
[Date "2000.06.??"]
[Round "6"]
[White "Femiano, Andrea"]
[Black "Naumkin, Igor"]
[Result "0-1"]
[WhiteElo "2163"]
[BlackElo "2498"]
[PlyCount "72"]
[EventDate "2000.06.11"]

1. e4 e6 2. d4 d5 3. Nd2 Nc6 4. Ngf3 Nf6 5. e5 Nd7 6. c3 f6 7. exf6 Qxf6 8. Bb5
Bd6 9. O-O O-O 10. Qe2 e5 11. dxe5 Ndxe5 12. Nxe5 Nxe5 13. f4 Ng4 14. Nf3 Bxf4
15. Bxf4 Qxf4 16. Rae1 c6 17. Bd3 Bd7 18. Qe7 Qc7 19. Qh4 h6 20. Nd4 Rxf1+ 21.
Rxf1 Re8 22. Qh5 Ne5 23. Bb1 Qd8 24. Nf5 Bxf5 25. Bxf5 Qe7 26. Bc2 Qc5+ 27. Kh1
Rf8 28. Rxf8+ Qxf8 29. Qf5 Qxf5 30. Bxf5 Kf7 31. Kg1 Nc4 32. b3 Ne3 33. Bd3 Nd1
34. Bf5 Nxc3 35. Bc8 b6 36. Bb7 c5 0-1

[Event "VII Festival A"]
[Site "Ischia ITA"]
[Date "2000.06.??"]
[Round "7"]
[White "Femiano, Andrea"]
[Black "Branda, Ralf"]
[Result "1-0"]
[WhiteElo "2163"]
[BlackElo "1937"]
[PlyCount "77"]
[EventDate "2000.06.11"]

1. e4 g6 2. d4 Bg7 3. Nc3 d6 4. Be3 Nf6 5. f3 Nc6 6. Qd2 O-O 7. O-O-O a6 8. g4
e5 9. d5 Nd4 10. Nce2 Nxf3 11. Nxf3 Bxg4 12. Bg2 Nxe4 13. Qe1 f5 14. Kb1 f4 15.
Bc1 Ng5 16. Nxg5 Qxg5 17. Qf2 Qh5 18. Bf1 g5 19. Re1 Bf3 20. Rg1 Bxd5 21. Nc3
Bf3 22. Be2 Bxe2 23. Rxe2 c6 24. Ne4 d5 25. Nxg5 Rae8 26. h4 h6 27. Nh3 Qf5 28.
Qf1 Kh7 29. Reg2 Bf6 30. Nf2 h5 31. Nh3 Bxh4 32. Rg7+ Kh8 33. Qg2 Bg3 34. Rg5
Qh7 35. Qf3 Rf5 36. R1xg3 e4 37. Qc3+ Ree5 38. Rxf5 Qxf5 39. Rg5 1-0

[Event "VII Festival A"]
[Site "Ischia ITA"]
[Date "2000.06.??"]
[Round "7"]
[White "Loncar, Robert"]
[Black "Candura, Stefano"]
[Result "1-0"]
[WhiteElo "2406"]
[BlackElo "2096"]
[PlyCount "53"]
[EventDate "2000.06.11"]

1. Nf3 d5 2. c4 e6 3. d4 Nf6 4. Nc3 c6 5. Bg5 Nbd7 6. e3 Qa5 7. Nd2 Bb4 8. Qc2
O-O 9. Be2 e5 10. Bxf6 Nxf6 11. dxe5 Ne4 12. Ndxe4 dxe4 13. O-O Bxc3 14. bxc3
Qxe5 15. Rfd1 f5 16. Rd4 Qe7 17. Rad1 Be6 18. Qd2 Rfc8 19. Rd6 c5 20. f3 b6 21.
h3 Kf7 22. fxe4 fxe4 23. Rxe6 Qxe6 24. Bg4 Qe7 25. Qd5+ Ke8 26. Bd7+ Kd8 27.
Bxc8+ 1-0

[Event "VII Festival A"]
[Site "Ischia ITA"]
[Date "2000.06.??"]
[Round "7"]
[White "Vignato, Giovanni"]
[Black "Martelli, Andrea"]
[Result "1/2-1/2"]
[WhiteElo "2131"]
[BlackElo "1746"]
[PlyCount "53"]
[EventDate "2000.06.11"]

1. d4 e6 2. e3 f5 3. f4 Nf6 4. Nf3 Ne4 5. c3 Be7 6. Bc4 c6 7. O-O O-O 8. b3 Na6
9. Bb2 Nc7 10. Nbd2 Nd5 11. Bxd5 cxd5 12. c4 dxc4 13. Nxc4 Bf6 14. d5 Bxb2 15.
Nxb2 b6 16. dxe6 dxe6 17. Ne5 Bb7 18. Qxd8 Rfxd8 19. Rfd1 Kf8 20. Nbd3 Rac8 21.
Rac1 Rc3 22. Nf2 Rxc1 23. Rxc1 Rd2 24. Nxe4 Bxe4 25. Rc8+ Ke7 26. Rc7+ Kf8 27.
Rc8+ 1/2-1/2